| 000 | 00532nam a22001817a 4500 | ||
|---|---|---|---|
| 005 | 20251108174631.0 | ||
| 008 | 250721s2008 xx 000 0 ara d | ||
| 082 | 1 | 4 | _a153.42/عبو |
| 100 | 1 |
_aعبوي، زيد منير _eمؤلف |
|
| 245 | 1 | 0 | _aالتفكير الفعال / |
| 264 | 1 |
_aعمان : _bدار البداية ناشرون وموزعون، _c2008. |
|
| 300 | _a207ص. | ||
| 650 | 1 | 7 | _aالتفكير المبدع |
| 650 | 1 | 7 | _aالتعليم |
| 650 | 1 | 7 | _aالذاكره |
| 942 |
_2ddc _cBK |
||
| 999 |
_c114103 _d114103 |
||